| 000 | 00705nam a22002177a 4500 | ||
|---|---|---|---|
| 005 | 20240530110558.0 | ||
| 008 | 160326s2013 ua a g 000 0aara d | ||
| 017 |
_a2012/16676 _bمصر . دار الكتب المصرية |
||
| 020 | _a9789770931608 | ||
| 040 | _aEG-CaGPL | ||
| 082 | 0 | 4 |
_221 _a962.08 _bق/ج ق |
| 100 | 0 | _aجلال عامر . | |
| 245 | 1 | 0 |
_aقصر الكلام / _cجلال عامر . |
| 250 | _aط3. | ||
| 260 |
_aالقاهرة : _bدار الشروق ، _c2013 . |
||
| 300 |
_a408 ص ؛ _c24 سم . |
||
| 600 | 0 |
_aجلال عامر _vمذكرات . |
|
| 651 | 0 | 4 |
_aمصر _xالاحوال السياسية . |
| 942 |
_2ddc _cBK |
||
| 999 |
_c62600 _d62600 |
||